Metal Bands by Monthly Spotify Listeners - Statistics

General Stats
  • This quiz has been taken 462 times
    349 since last reset
  • The average score is 73 of 525
Answer Stats
Monthly Listeners Origin Most Streamed Track Sub-Genre Band / Artist % Correct
24,818,000 United States Enter Sandman Thrash Metal Metallica
98%
36,930,000 United States In the End Nu Metal Linkin Park
96%
17,708,000 United States Chop Suey! Alternative Metal System Of A Down
95%
259,000 United States Do You Call My Name Alternative Metal Ra
93%
13,978,000 United Kingdom Paranoid Heavy Metal Black Sabbath
91%
11,367,000 Germany Du hast Neue Deutsche Härte Rammstein
90%
11,839,000 United States Duality Nu Metal Slipknot
89%
10,100,000 United States Freak On a Leash Nu Metal Korn
88%
13,344,000 United States Break Stuff Nu Metal Limp Bizkit
88%
9,097,000 United Kingdom Crazy Train Heavy Metal Ozzy Osbourne
87%
7,653,000 United Kingdom The Trooper Heavy Metal Iron Maiden
83%
13,176,000 United States Bring Me To Life Alternative Metal Evanescence
82%
5,437,000 United States Walk Groove Metal Pantera
81%
9,298,000 United States Killing In The Name Rap Metal Rage Against The Machine
81%
4,844,000 United States Symphony of Destruction Thrash Metal Megadeth
79%
4,404,000 United Kingdom Ace of Spades Heavy Metal Motörhead
77%
4,809,000 United States Raining Blood Thrash Metal Slayer
77%
4,690,000 United Kingdom Breaking the Law Heavy Metal Judas Priest
76%
5,728,000 United States Dragula Industrial Metal Rob Zombie
74%
6,781,000 United States Black Hole Sun Grunge Soundgarden
74%
11,153,000 United States The Sound of Silence Alternative Metal Disturbed
73%
7,206,000 United States Man in the Box Grunge Alice In Chains
72%
9,690,000 United States Hail to the King Heavy Metal Avenged Sevenfold
72%
13,403,000 United Kingdom Can You Feel My Heart Metalcore Bring Me the Horizon
70%
2,794,000 United States Holy Diver Heavy Metal Dio
66%
9,942,000 United States Change (In the House of Flies) Alternative Metal Deftones
64%
4,040,000 United States Schism Progressive Metal TOOL
63%
9,733,000 Canada I Hate Everything About You Alternative Metal Three Days Grace
59%
2,148,000 Japan Gimme Chocolate!! Kawaii Metal BABYMETAL
57%
1,230,000 United States Madhouse Thrash Metal Anthrax
54%
4,164,000 United States Bodies Nu Metal Drowning Pool
54%
1,802,000 Brazil Roots Bloody Roots Groove Metal Sepultura
54%
4,355,000 United States We're Not Gonna Take It Heavy Metal Twisted Sister
54%
698,000 United States Voice of the Soul Technical Death Metal Death
53%
4,275,000 United Kingdom Tears Don't Fall Melodic Metalcore Bullet For My Valentine
52%
1,874,000 United Kingdom Through The Fire And Flames Power Metal DragonForce
51%
694,000 United States Hammer Smashed Face Brutal Death Metal Cannibal Corpse
50%
6,638,000 United States Wrong Side of Heaven Groove Metal Five Finger Death Punch
48%
3,109,000 Sweden To Hell and Back Power Metal Sabaton
48%
1,805,000 France Stranded Progressive Metal Gojira
46%
367,000 Norway Freezing Moon Black Metal Mayhem
44%
2,122,000 United States Laid to Rest Groove Metal Lamb of God
43%
6,206,000 United States The Diary of Jane Alternative Metal Breaking Benjamin
42%
1,364,000 United States Pull Me Under Progressive Metal Dream Theater
41%
2,602,000 Finland Amaranth Symphonic Metal Nightwish
39%
1,692,000 United States I Don't Wanna Be Me Gothic Metal Type O Negative
39%
4,608,000 United States I Stand Alone Alternative Metal Godsmack
38%
628,000 Sweden Bleed Djent Meshuggah
38%
1,187,000 Sweden Twilight Of The Thunder God Melodic Death Metal Amon Amarth
36%
877,000 Finland Are You Dead Yet? Melodic Death Metal Children Of Bodom
36%
2,681,000 United States My Curse Melodic Metalcore Killswitch Engage
36%
177,000 United States Dragonaut Stoner Metal Sleep
36%
2,724,000 United States For the Glory of... Thrash Metal Testament
36%
1,413,000 United States Thunder Kiss '65 Groove Metal White Zombie
35%
493,000 United States Blacklist Thrash Metal Exodus
34%
2,137,000 Sweden Only for the Weak Melodic Death Metal In Flames
34%
1,021,000 United States Blood and Thunder Progressive Metal Mastodon
34%
681,000 Sweden Windowpane Progressive Metal Opeth
34%
270,000 Norway Dunkelheit Atmospheric Black Metal Burzum
33%
1,144,000 Germany I Want Out Power Metal Helloween
33%
1,634,000 United States Is There Anybody Out There? Groove Metal Machine Head
33%
974,000 Russia Demolisher Deathcore Slaughter to Prevail
33%
1,558,000 United States Push It Industrial Metal Static-X
33%
437,000 Poland O Father O Satan O Sun! Blackened Death Metal Behemoth
32%
892,000 United States To the Hellfire Deathcore Lorna Shore
32%
115,000 United States March of the S.O.D. Crossover Thrash S.O.D. Stormtroopers of Death
32%
2,218,000 United States Happy? Nu Metal Mudvayne
31%
3,211,000 United Kingdom The Summoning Alternative Metal Sleep Token
31%
177,000 Norway Transilvanian Hunger Black Metal Darkthrone
30%
1,581,000 United States The Heart from Your Hate Melodic Metalcore Trivium
30%
179,000 United Kingdom Black Metal Heavy Metal Venom
30%
4,612,000 Denmark Still Counting Heavy Metal Volbeat
30%
2,247,000 United Kingdom Animals Metalcore Architects
29%
710,000 Germany Satan Is Real Thrash Metal Kreator
29%
1,413,000 Germany Army of the Night Power Metal Powerwolf
29%
259,000 Germany Agent Orange Thrash Metal Sodom
29%
1,168,000 Germany Balls to the Wall Heavy Metal Accept
28%
2,528,000 United States Mother Heavy Metal Danzig
28%
932,000 Sweden War Eternal Melodic Death Metal Arch Enemy
27%
4,638,000 United States Just Pretend Alternative Metal Bad Omens
26%
1,548,000 United States Die MF Die Nu Metal Dope
26%
931,000 United States Kings of Metal Heavy Metal Manowar
26%
839,000 United States Linchpin Industrial Metal Fear Factory
25%
4,265,000 United States Blank Space Alternative Metal I Prevail
25%
3,606,000 United States Another Life Metalcore Motionless In White
25%
963,000 United States Jerry Was A Race Car Driver Funk Metal Primus
25%
268,000 United States Snot Nu Metal Snot
25%
913,000 United States Institutionalized Crossover Thrash Suicidal Tendencies
25%
228,000 United States Cheap Vodka Sludge Metal Acid Bath
24%
774,000 United Kingdom Drink Folk Metal Alestorm
24%
744,000 Germany The Bard's Song - In the Forest Power Metal Blind Guardian
24%
1,714,000 Australia Prey Melodic Metalcore Parkway Drive
24%
902,000 Italy Diggy Diggy Hole Power Metal Wind Rose
24%
474,000 United Kingdom Nymphetamine Fix Symphonic Black Metal Cradle Of Filth
23%
2,136,000 Germany We Got the Moves Electronicore Electric Callboy
23%
628,000 Netherlands Cry for the Moon (The Embrace That Smothers, Pt. 4) Symphonic Metal Epica
23%
211,000 Denmark Abigail Heavy Metal King Diamond
23%
221,000 United Kingdom The Wolf I Feed Grindcore Napalm Death
23%
291,000 United States Redneck Stomp Death Metal Obituary
23%
251,000 Sweden Slaughter Of The Soul Melodic Death Metal At The Gates
22%
200,000 Sweden A Fine Day to Die Viking Metal Bathory
22%
553,000 United Kingdom Heartwork Death Metal Carcass
22%
132,000 Switzerland A Dying God Coming into Human Flesh Thrash Metal Celtic Frost
22%
120,000 Norway I Am The Black Wizards Symphonic Black Metal Emperor
22%
3,787,000 United States Epic Alternative Metal Faith No More
22%
967,000 Sweden Hearts on Fire Power Metal HammerFall
22%
257,000 United States Immortal Rites Death Metal Morbid Angel
22%
2,165,000 Canada Circle With Me Alternative Metal Spiritbox
22%
413,000 United States The Saw Is the Law Deathcore Whitechapel
22%
342,000 Canada Alison Hell Thrash Metal Annihilator
21%
659,000 United States You Only Live Once Deathcore Suicide Silence
21%
172,000 Sweden Solitude Epic Doom Metal Candlemass
20%
227,000 Sweden Left Hand Path Death Metal Entombed
20%
2,036,000 United States A Grave Mistake Melodic Metalcore Ice Nine Kills
20%
692,000 Ukraine Pisces Progressive Metal Jinjer
20%
158,000 Denmark Evil Heavy Metal Mercyful Fate
20%
1,019,000 United States Silent Lucidity Heavy Metal Queensrÿche
20%
2,575,000 United States Click Click Boom Nu Metal Saliva
20%
438,000 United Kingdom Princess of the Night Heavy Metal Saxon
20%
568,000 United States Jumpdafuckup Groove Metal Soulfly
20%
1,308,000 Sweden Drop Dead Cynical Trance Metal Amaranthe
19%
1,166,000 United States My Own Grave Melodic Metalcore As I Lay Dying
19%
667,000 Finland Vodka Folk Metal Korpiklaani
19%
610,000 United States Jesus Built My Hotrod Industrial Metal Ministry
19%
235,000 United States Elimination Thrash Metal Overkill
19%
739,000 Finland Black Diamond Power Metal Stratovarius
19%
3,213,000 United Kingdom Alone In A Room Melodic Metalcore Asking Alexandria
18%
4,305,000 United States Zombie Alternative Metal Bad Wolves
18%
494,000 United States Loco Nu Metal Coal Chamber
18%
487,000 Norway Gateways Symphonic Black Metal Dimmu Borgir
18%
142,000 United States Metal Church Heavy Metal Metal Church
18%
759,000 United States I Wanna Be Somebody Heavy Metal W.A.S.P.
18%
287,000 Sweden Atoma Melodic Death Metal Dark Tranquillity
17%
206,000 United States In the Minds of Evil Death Metal Deicide
17%
117,000 United Kingdom Am I Evil? Heavy Metal Diamond Head
17%
194,000 United Kingdom Funeralopolis Stoner Metal Electric Wizard
17%
1,206,000 United States Looking Down the Barrel of Today Metalcore Hatebreed
17%
195,000 Norway Tyrants Black Metal Immortal
17%
738,000 Italy Enjoy the Silence Alternative Metal Lacuna Coil
17%
585,000 United States Wave of Death Crossover Thrash Municipal Waste
17%
370,000 Italy Emerald Sword Symphonic Power Metal Rhapsody
17%
872,000 United States Denial Alternative Metal Sevendust
17%
193,000 United States Bring Back the Plague Deathgrind Cattle Decapitation
16%
2,787,000 United States The Red Alternative Metal Chevelle
16%
2,001,000 Netherlands Faster Symphonic Metal Within Temptation
16%
1,232,000 Finland Blind And Frozen Heavy Metal Beast In Black
15%
1,422,000 United States Stillborn Southern Metal Black Label Society
15%
600,000 Canada Brackish Alternative Metal Kittie
15%
1,072,000 United States Counting Worms Metalcore Knocked Loose
15%
130,000 United States Lashed To the Slave Stick Technical Death Metal Nile
15%
1,871,000 United States Second & Sebring Melodic Metalcore Of Mice & Men
15%
564,000 Australia Reign of Darkness Deathcore Thy Art Is Murder
15%
2,668,000 Finland I Don't Care Symphonic Metal Apocalyptica
14%
1,005,000 United States White Washed Melodic Metalcore August Burns Red
14%
292,000 United States Stone the Crow Southern Metal DOWN
14%
232,000 United States Subjected to a Beating Brutal Death Metal Dying Fetus
14%
449,000 United Kingdom Angus Mcfife Power Metal Gloryhammer
14%
160,000 United Kingdom Soil the Stillborn Deathcore Infant Annihilator
14%
1,307,000 United States Cult of Personality Funk Metal Living Colour
14%
363,000 United States Hall of the Mountain King Heavy Metal Savatage
14%
948,000 United Kingdom Nobody Alternative Metal Skindred
14%
150,000 United States Set the World on Fire (The Lie of Lies) Progressive Metal Symphony X
14%
1,899,000 United States Two Weeks Melodic Metalcore All That Remains
13%
642,000 Germany Farewell Power Metal Avantasia
13%
120,000 Sweden Eaten Death Metal Bloodbath
13%
222,000 Poland Earth Scar Technical Death Metal Decapitated
13%
301,000 Sweden Maha-Kali Melodic Black Metal Dissection
13%
199,000 Finland In My Sword I Trust Folk Metal Ensiferum
13%
521,000 United States Sun Doesn't Rise Alternative Metal Mushroomhead
13%
407,000 Germany Augen auf! Neue Deutsche Härte OOMPH!
13%
424,000 United States Marigold Djent Periphery
13%
182,000 Norway K.I.N.G. Black Metal Satyricon
13%
137,000 United Kingdom The Killchain Death Metal Bolt Thrower
12%
865,000 Switzerland The Call of the Mountains Celtic Metal Eluveitie
12%
1,508,000 Australia Rip & Tear Industrial Metal Mick Gordon
12%
193,000 United States Executioner's Tax (Swing of the Axe) Crossover Thrash Power Trip
12%
149,000 Italy Dawn of Victory Symphonic Metal Rhapsody Of Fire
12%
605,000 United States Halo Alternative Metal Soil
12%
519,000 Finland Tallulah Power Metal Sonata Arctica
12%
118,000 United States Pierced from Within Brutal Death Metal Suffocation
12%
144,000 Poland Triumph of Death Death Metal Vader
12%
261,000 Finland House Of Sleep Progressive Metal Amorphis
11%
318,000 United States Physical Education Progressive Metal Animals As Leaders
11%
634,000 United States Stick Stickly Metalcore Attack Attack!
11%
536,000 United Kingdom Tears of the Dragon Heavy Metal Bruce Dickinson
11%
499,000 United States Hostage Deathcore Chelsea Grin
11%
171,000 United States The Moth Thrash Metal Death Angel
11%
279,000 United States Watching over Me Power Metal Iced Earth
11%
317,000 Sweden My Twin Alternative Metal Katatonia
11%
457,000 United States Green Machine Stoner Rock / Metal Kyuss
11%
798,000 Sweden Shut Your Mouth Industrial Metal Pain
11%
889,000 United States Chemical Metalcore The Devil Wears Prada
11%
113,000 Germany Jurassic | Cretaceous Atmospheric Sludge Metal The Ocean
11%
1,618,000 United States Stitch Melodic Metalcore Wage War
11%
906,000 United Kingdom Silence Speaks Metalcore While She Sleeps
11%
213,000 Finland Beyond the Dark Sun Melodic Death Metal Wintersun
11%
363,000 Sweden Dream On Neoclassical Metal Yngwie Malmsteen
11%
427,000 Brazil Carry On Power Metal ANGRA
10%
272,000 Canada Metal On Metal Heavy Metal Anvil
10%
747,000 United States Middle Fingers Up Nu Metalcore Attila
10%
665,000 Finland King for a Day Heavy Metal Battle Beast
10%
129,000 United States Concubine Metalcore Converge
10%
722,000 France Lost in a Wave Metalcore LANDMVRKS
10%
2,205,000 Japan Shinzo wo Sasageyo! Symphonic Metal Linked Horizon
10%
1,336,000 United Kingdom Is It Really You? Metalcore Loathe
10%
164,000 Portugal Opium Gothic Metal Moonspell
10%
327,000 United Kingdom Small Town Boy Gothic Metal Paradise Lost
10%
131,000 Canada Love? Industrial Metal Strapping Young Lad
10%
198,000 United States What a Horrible Night to Have a Curse Melodic Death Metal The Black Dahlia Murder
10%
193,000 United States One Of Us Is The Killer Mathcore The Dillinger Escape Plan
10%
2,092,000 United States Black Hole Metalcore We Came As Romans
10%
352,000 Japan ENDLESS RAIN Heavy Metal (Visual Kei) X Japan
10%
208,000 France Sapphire Blackgaze Alcest
9%
686,000 Sweden The Eagle Has Landed Melodic Death Metal Avatar
9%
128,000 United States The Coma Machine Progressive Metal Between The Buried And Me
9%
197,000 India Gaddaar Nu Metal Bloodywood
9%
358,000 Germany Superheroes Power Metal Edguy
9%
131,000 Norway What Else Is There Progressive Black Metal Enslaved
9%
111,000 Finland Trollhammaren Folk Metal Finntroll
9%
124,000 Germany Master of Confusion Power Metal Gamma Ray
9%
136,000 United States Sick of You Thrash Metal Gwar
9%
381,000 United States How Can I Live Nu Metal Ill Niño
9%
364,000 United States When the Lights Are Down Power Metal Kamelot
9%
747,000 Japan What's up, people?! Alternative Metal MAXIMUM THE HORMONE
9%
1,589,000 United States The Sinner Metalcore Memphis May Fire
9%
390,000 Sweden North Star of Nija Melodic Death Metal Orbit Culture
9%
1,339,000 Australia The Remedy Metalcore Polaris
9%
161,000 Greece Ze Nigmar Melodic Black Metal Rotting Christ
9%
1,942,000 Japan The Rumbling Alternative Metal SiM
9%
506,000 Sweden Distortion Sleep Melodic Death Metal Soilwork
9%
150,000 Sweden Shadowminds Melodic Death Metal The Halo Effect
9%
100,000 United States In The Shadow Of Our Pale Companion Atmospheric Black Metal Agalloch
8%
1,724,000 United States The Time Is Now Melodic Metalcore Atreyu
8%
106,000 Netherlands Day Sixteen: Loser Progressive Metal Ayreon
8%
125,000 Japan Yokan Alternative Metal DIR EN GREY
8%
293,000 Germany 1234 Industrial Metal Emigrate
8%
223,000 Finland While We Sleep Melodic Death Metal Insomnium
8%
1,673,000 United States Whore Alternative Metal In This Moment
8%
3,571,000 Spain Fiesta Pagana Celtic Metal Mägo de Oz
8%
107,000 United States Overconfidence Nu Metalcore Tallah
8%
837,000 United States Engine 45 Metalcore The Ghost Inside
8%
2,309,000 United States FEEL NOTHING Metalcore The Plot In You
8%
338,000 Sweden The Rise of Sodom and Gomorrah Symphonic Metal Therion
8%
119,000 United States Acid Fuzz Thrash Metal Toxic Holocaust
8%
366,000 Finland Rasputin Symphonic Metal Turisas
8%
421,000 United Kingdom The End of All We Know Melodic Metalcore Bleed From Within
7%
175,000 United States Bottom of a Bottle Alternative Metal Butcher Babies
7%
259,000 Netherlands We Are the Others Symphonic Metal Delain
7%
378,000 United States Sail Groove Metal DevilDriver
7%
116,000 United States Thrashard Crossover Thrash D.R.I.
7%
1,029,000 United States You Asked for It Metalcore Emmure
7%
305,000 United States The Sea of Tragic Beasts Deathcore Fit For An Autopsy
7%
128,000 Italy The Fool Symphonic Death Metal Fleshgod Apocalypse
7%
113,000 Germany Rebellion (The Clans Are Marching) Heavy Metal Grave Digger
7%
161,000 United Kingdom Cockroach King Progressive Metal Haken
7%
777,000 Sweden Infectious Metalcore Imminence
7%
341,000 Canada The Black Sheep Death Metal Kataklysm
7%
110,000 Sweden Myspys Depressive Suicidal Black Metal Lifelover
7%
814,000 Australia Erase Me Deathcore Make Them Suffer
7%
506,000 United States Honey Bucket Sludge Metal Melvins
7%
612,000 United States Awaken Melodic Death Metal Metalocalypse: Dethklok
7%
107,000 Australia And Plague Flowers the Kaleidoscope Progressive Metal Ne Obliviscaris
7%
1,021,000 United States Bullet With a Name Nu Metal Nonpoint
7%
536,000 Australia Quantum Flux Metalcore Northlane
7%
847,000 United States Breathe Into Me Alternative Metal Red
7%
122,000 Greece Anubis Symphonic Death Metal Septicflesh
7%
258,000 United States The Heretic Prevails Melodic Death Metal Shadow of Intent
7%
170,000 Denmark Blood of Heroes Folk Metal Týr
7%
250,000 United States PUMPED UP KICKS Industrial Metal 3TEETH
6%
133,000 New Zealand Kai Tangata Groove Metal Alien Weaponry
6%
832,000 United States Hey Baby Here's That Song You Wanted Melodic Metalcore blessthefall
6%
292,000 United States Body Count's in the House Rap Metal Body Count
6%
646,000 United Kingdom Choke Melodic Metalcore Bury Tomorrow
6%
168,000 United States Lie To My Face Deathcore Carnifex
6%
407,000 United States Forever Metalcore Code Orange
6%
148,000 United States Dream House Blackgaze Deafheaven
6%
153,000 Canada Hyperdrive Progressive Metal Devin Townsend
6%
416,000 Germany Verrückt Neue Deutsche Härte Eisbrecher
6%
547,000 Germany Himmelsrand Folk Metal Equilibrium
6%
821,000 United States When Everything Means Nothing Metalcore Fit For A King
6%
1,704,000 United States Through It All Nu Metal From Ashes to New
6%
322,000 Germany Black Tears Melodic Death Metal Heaven Shall Burn
6%
124,000 Sweden Eraser Melodic Death Metal Hypocrisy
6%
537,000 Switzerland Curse Us Deathcore Paleface Swiss
6%
313,000 United States Poem Nu Metal Taproot
6%
156,000 Germany All We Are Heavy Metal Warlock
6%
185,000 Germany Nightfall Symphonic Metal Xandria
6%
694,000 Australia Akudama Metalcore Alpha Wolf
5%
120,000 Japan Farewell Drone Metal Boris
5%
768,000 Canada Darkbloom Deathcore Brand of Sacrifice
5%
118,000 Switzerland Avalanche Progressive Metal Cellar Darling
5%
174,000 Sweden Biggest & the Best Rap Metal Clawfinger
5%
521,000 United States Stupid Girl Alternative Metal Cold
5%
1,255,000 United States Better Days Metalcore Currents
5%
261,000 Germany Für immer Heavy Metal Doro
5%
262,000 Italy Pagan Revolution Power Metal Elvenking
5%
114,000 United States Prepare For Attack Thrash Metal Havok
5%
625,000 United States Unsung Alternative Metal Helmet
5%
730,000 United States Antpile Metalcore Kublai Khan TX
5%
173,000 Norway The Price Progressive Metal Leprous
5%
178,000 France Here Comes The Boom Groove Metal Rise Of The Northstar
5%
129,000 United States Dead as Shit Brutal Death Metal Sanguisugabogg
5%
738,000 Sweden grayout Metalcore thrown
5%
337,000 United States Mikasa Djent Veil Of Maya
5%
197,000 Germany Dreh auf! Deathcore We Butter The Bread With Butter
5%
181,000 Netherlands Energize Me Symphonic Metal After Forever
4%
301,000 Canada I Long for Rest Deathcore Angelmaker
4%
274,000 Germany Heart of the Hurricane Symphonic Metal Beyond The Black
4%
526,000 Finland Dark Side Nu Metal Blind Channel
4%
268,000 United States Machine Deathcore Born Of Osiris
4%
120,000 Germany Paralyzed Metalcore Caliban
4%
347,000 United States Clean My Wounds Southern Metal Corrosion Of Conformity
4%
108,000 United States Save Me Groove Metal Damageplan
4%
167,000 United States DEMON(S) Melodic Death Metal Darkest Hour
4%
135,000 United States Total Eclipse of the Heart Symphonic Metal Exit Eden
4%
302,000 Japan お先に失礼します。 Metalcore HANABIE.
4%
161,000 France Camel Dancefloor Avant-Garde Metal (Breakcore) Igorrr
4%
118,000 Norway South Winds Progressive Metal Ihsahn
4%
736,000 United States Calm Snow Electronicore I See Stars
4%
134,000 Norway Mjød Black 'n' Roll Kvelertak
4%
139,000 Germany Alleine zu zweit Gothic Metal Lacrimosa
4%
362,000 United Kingdom Keep Your Distance Metalcore Malevolence
4%
144,000 United States Something Wicked Thrash Metal Nuclear Assault
4%
356,000 Germany Gunman Power Metal Orden Ogan
4%
234,000 United States Snap Your Fingers, Snap Your Neck Groove Metal Prong
4%
140,000 Sweden The Anomaly Melodic Death Metal Scar Symmetry
4%
229,000 Norway The Path To Decay Gothic Metal Sirenia
4%
305,000 Sweden Lotus Progressive Metal Soen
4%
212,000 United States New Disease Nu Metal Spineshank
4%
222,000 United Kingdom Of Mind - Nocturne Progressive Metal TesseracT
4%
161,000 United Kingdom Fleur De Lis Alternative Metal The Raven Age
4%
166,000 Austria Heroes of the Dawn Symphonic Power Metal Visions of Atlantis
4%
104,000 Switzerland See You In Hell Symphonic Metal Ad Infinitum
3%
394,000 United States Lost In The Static Metalcore After The Burial
3%
110,000 Canada Involuntary Doppelgänger Technical Death Metal Archspire
3%
199,000 United States Shock Me Sludge Metal Baroness
3%
101,000 Austria Conjuring the Dead Blackened Death Metal Belphegor
3%
162,000 United States Punishment New York Hardcore Biohazard
3%
415,000 Canada Love Me Metalcore Counterparts
3%
389,000 Japan Watch Me Burn Metalcore Crystal Lake
3%
451,000 United States They Say Alternative Metal Daron Malakian and Scars On Broadway
3%
252,000 Sweden The Chosen Ones Power Metal Dream Evil
3%
334,000 Japan HUNTING FOR YOUR DREAM Power Metal GALNERYUS
3%
259,000 Germany SUPERNØVA Alternative Metal GHØSTKID
3%
127,000 United States Entombment of a Machine Technical Death Metal Job For A Cowboy
3%
161,000 Australia Themata Alternative Metal Karnivool
3%
642,000 United States Shadows Inside Melodic Metalcore Miss May I
3%
264,000 United Kingdom Hansha Metalcore Oceans Ate Alaska
3%
126,000 United States Loose Nu Metal Primer 55
3%
182,000 United States Cesspool of Ignorance Deathcore Signs of the Swarm
3%
486,000 United States Antimatter Metalcore Silent Planet
3%
267,000 United Kingdom Worship Decay Thrash Metal Sylosis
3%
134,000 United States Turn It Up Southern Metal Texas Hippie Coalition
3%
322,000 United States Freya Stoner Metal The Sword
3%
140,000 United States My Will Be Done Melodic Metalcore Unearth
3%
225,000 Canada Northwest Passage Power Metal Unleash The Archers
3%
157,000 United States Bloodwork Alternative Metal 36 Crazyfists
2%
321,000 United States The Way You Like It Nu Metal Adema
2%
151,000 United States Wage Slaves Deathcore All Shall Perish
2%
207,000 Netherlands Until Eternity Symphonic Metal Blackbriar
2%
128,000 United States Power Trip Groove Metal Chimaira
2%
452,000 Japan MAYDAY Alternative Metal coldrain
2%
732,000 United States Fuckboi Alternative Metal Conquer Divide
2%
726,000 United States Machines Metalcore Crown The Empire
2%
146,000 Sweden Death Dies Hard Industrial Metal Deathstars
2%
268,000 Netherlands Heritage Deathcore Distant
2%
161,000 United States My Meds Aren't Working Sludge Metal Dystopia
2%
116,000 United States Necessary Death Metalcore END
2%
108,000 Sweden Undying Evil Heavy Metal Enforcer
2%
390,000 United States Snowblood Progressive Metalcore ERRA
2%
690,000 United States BURN IT Alternative Metal FEVER 333
2%
127,000 Germany Warriors Power Metal Freedom Call
2%
379,000 United States Raise Hell Rap Metal (Hed) P.E.
2%
634,000 United States Moth Groove Metal HELLYEAH
2%
114,000 United States Snakes For The Divine Stoner Metal High On Fire
2%
305,000 United States Without a Whisper Metalcore Invent Animate
2%
159,000 United States Wings of Feather and Wax Groove Metal Killer Be Killed
2%
103,000 Germany Chain of the Golden Horn Symphonic Metal Leaves' Eyes
2%
844,000 United States The Safety of Disbelief Melodic Metalcore Light The Torch
2%
175,000 United States Rabid Brutal Death Metal Mortician
2%
509,000 Canada Recreant Alternative Metal Nik Nocturnal
2%
178,000 United States Memphis Will Be Laid To Waste Metalcore Norma Jean
2%
482,000 France Scars Metalcore NOVELISTS
2%
216,000 United States Royals Nu Metal Otep
2%
106,000 Canada Bloodmeat Progressive Metal Protest The Hero
2%
386,000 United States Beer! Comedy Metal Psychostick
2%
119,000 Finland Killing Me Killing You Gothic Metal Sentenced
2%
101,000 United States The Light That Blinds Melodic Metalcore Shadows Fall
2%
102,000 United States Language I: Intuition Progressive Metal The Contortionist
2%
223,000 Australia Where We Go When We Die Alternative Metal Thornhill
2%
129,000 Sweden Gates of Glory Symphonic Power Metal Twilight Force
2%
492,000 United States All Pride No Pain Metalcore Upon A Burning Body
2%
150,000 United States Asylum Groove Metal Vended
2%
128,000 Sweden Dagger Djent Vildhjarta
2%
243,000 United States Devil Is Fine Avant-Garde Metal Zeal & Ardor
2%
105,000 Canada Take One Last Breath Electronicore Abandon All Ships
1%
110,000 Spain Bad Guy Alternative Metal Ankor
1%
410,000 Germany Savior Melodic Metalcore Any Given Day
1%
279,000 Sweden Obsession Metalcore Aviana
1%
385,000 Sweden Moria Power Metal Bloodbound
1%
146,000 United States King of the Rats Deathcore Bodysnatcher
1%
112,000 United States Teenie Weenie Deathcore Brojob
1%
202,000 United States Insects Deathcore Darko US
1%
406,000 United States I Am a Stone Melodic Metalcore Demon Hunter
1%
105,000 Sweden Balrog Boogie Avant-Garde Metal Diablo Swing Orchestra
1%
116,000 Sweden Mein Herz brennt Symphonic Metal Eleine
1%
210,000 Germany The Jaws of Oblivion Alternative Metal Emil Bulls
1%
105,000 Sweden My Allied Ocean Progressive Metal Evergrey
1%
185,000 United States Map Change Metalcore Every Time I Die
1%
130,000 United Kingdom Thrasher Thrash Metal Evile
1%
550,000 Japan Let Me Hear Electronicore Fear, and Loathing in Las Vegas
1%
292,000 Greece Maniac Power Metal Firewind
1%
527,000 United States Kiss the Ladder Alternative Metal Fleshwater
1%
162,000 United Kingdom Resurrection Heavy Metal Halford
1%
155,000 Sweden Instill Deathcore Humanity's Last Breath
1%
101,000 United States Murderer Deathcore Impending Doom
1%
506,000 Austria COMA Djent Issues
1%
352,000 United States Wayfinder Metalcore Kingdom Of Giants
1%
255,000 United States Anger Deathcore Left to Suffer
1%
318,000 United States Bury Your Pain Metalcore Like Moths To Flames
1%
168,000 Finland No Absolution Thrash Metal Lost Society
1%
171,000 United Kingdom I, The Creator Djent Monuments
1%
572,000 United States Sinner Metalcore Of Virtue
1%
112,000 Andorra Flying Sea Dragons Progressive Metal Persefone
1%
106,000 United States Eternally Apart Melodic Metalcore Phinehas
1%
114,000 Germany The End Is Near Heavy Metal Primal Fear
1%
228,000 France Self-Made Black Hole Metalcore Resolve
1%
774,000 Sweden Good F**King Music Alternative Metal Solence
1%
198,000 United States Kill or Be Killed Deathcore Spite
1%
260,000 United States Beast Deathcore The Acacia Strain
1%
233,000 United States Carnage Electronicore The Browning
1%
2,375,000 United States RISE Alternative Metal The Word Alive
1%
136,000 Australia Wastage Deathcore To The Grave
1%
113,000 United States RUCKUS Rap Metal UnityTX
1%
364,000 United States Feels Good Metalcore Volumes
1%
167,000 Slovenia No Way Out Deathcore Within Destruction
1%
325,000 United States Last Friday Night (T.G.I.F.) Metalcore Woe, Is Me
1%
165,000 United States Synthesis Djent Andromida
0%
371,000 Spain Si tú no estás aquí Heavy Metal Ángeles del Infierno
0%
282,000 Finland At the Break of Dawn Symphonic Power Metal Arion
0%
110,000 United Kingdom On the Inside Metalcore As Everything Unfolds
0%
144,000 Germany The Winner Takes It All Power Metal At Vance
0%
136,000 Spain Los Rockeros Van al Infierno Heavy Metal Barón Rojo
0%
148,000 United States Blood Orange Djent Berried Alive
0%
199,000 United States Bury Me With My Guns Alternative Metal Bobaflex
0%
130,000 United States Honey Bucket Groove Metal Burn The Priest
0%
112,000 Canada Vermin Deathcore Carcosa
0%
104,000 United States Hard Times New York Hardcore Cro-Mags
0%
226,000 Sweden Out of My Life Alternative Metal Cyhra
0%
131,000 Australia Crooked Nu Metalcore Dealer
0%
161,000 United States Get Low Alternative Metal Designer Disguise
0%
136,000 Sweden Anima Mundi Power Metal Dionysus
0%
112,000 United States Without End Deathcore Distinguisher
0%
119,000 Sweden Big Sky Theory Stoner Rock / Metal Dozer
0%
146,000 United States Rot Nu Metal Dry Kill Logic
0%
148,000 United States Cowards Feed, Cowards Bleed Melodic Metalcore Dying Wish
0%
559,000 Sweden Heartless Madness Heavy Metal Dynazty
0%
295,000 United States Wait Alternative Metal Earshot
0%
885,000 United States White Rabbiti Alternative Metal Egypt Central
0%
133,000 Germany No Cure Metalcore Elwood Stray
0%
333,000 Greece Made of Lies Alternative Metal Elysion
0%
149,000 Germany Phoenix Symphonic Metal Enemy Inside
0%
369,000 United States Clarity Metalcore ENMY
0%
110,000 United States Blame Shift Metalcore ENOX
0%
116,000 United States The Failsafe Fallacy Deathcore Enterprise Earth
0%
1,094,000 United States Without Me Alternative Metal Fame on Fire
0%
119,000 United States Chin Check Deathcore Filth
0%
595,000 United States Right Now Alternative Metal Fire From The Gods
0%
270,000 United States Get Up Again Nu Metal Flaw
0%
280,000 Sweden Winterfall Trance Metal Follow The Cipher
0%
136,000 United States Unstoppable Metalcore For The Fallen Dreams
0%
134,000 United States Break The Cycle Melodic Metalcore For Today
0%
125,000 United States Crawling Back to God Grindcore Full Of Hell
0%
158,000 United Kingdom Mussolini Mosh Thrash Metal Gama Bomb
0%
302,000 United States Remember We Die Alternative Metal Gemini Syndrome
0%
166,000 United States Cursed Metalcore Gideon
0%
101,000 United Kingdom Where Are the Birds Progressive Metal Good Tiger
0%
177,000 Norway Liar Industrial Metal Gothminister
0%
122,000 Australia Lifelike Deathcore Gravemind
0%
104,000 France When the Rain Begins to Fall Power Metal Heavenly
0%
161,000 United States Afflicted Metalcore Hollow Front
0%
251,000 United States Bullet Rap Metal Hyro The Hero
0%
176,000 United States Broken Metalcore If I Were You
0%
144,000 Australia Refuge Metalcore In Hearts Wake
0%
206,000 Canada Libra Progressive Metal Intervals
0%
125,000 Germany Heavy Metal Never Dies Heavy Metal Iron Savior
0%
111,000 United States Rebuttal Metalcore Johnny Booth
0%
127,000 Germany Leverage Folk Metal Lyriel
0%
102,000 Sweden Player One Power Metal Machinae Supremacy
0%
114,000 United States The Perfect World Heavy Metal Marty Friedman
0%
305,000 Germany Spirit Never Die Power Metal Masterplan
0%
123,000 Sweden We Bring You the Stars Trance Metal Metalite
0%
146,000 Norway The Path To Decay Gothic Metal Mortemia
0%
107,000 United States Nerve Metalcore Myka, Relocate
0%
252,000 Denmark House Carpenter Atmospheric Black Metal Myrkur
0%
151,000 United States Powercore Melodic Death Metal Nekrogoblikon
0%
291,000 United States Angel Eyes Alternative Metal New Years Day
0%
274,000 United States Dead Inside Melodic Metalcore Nita Strauss
0%
114,000 Czechia Out of the Blue Deathcore No Face No Case
0%
130,000 United States Behind the Hand of God Deathcore Ov Sulfur
0%
445,000 United States Lightbringer Heavy Metal Pentakill
0%
303,000 Australia Electric Sunrise Progressive Metal / Rock Plini
0%
177,000 United States Wires Stoner Rock / Metal Red Fang
0%
100,000 United States The End Alternative Metal Roadrunner United
0%
196,000 United States Youngblood Post-Metal Russian Circles
0%
656,000 United States Demon Metalcore Savage Hands
0%
106,000 Brazil Fairy Tale Power Metal Shaman
0%
282,000 Denmark Ocean Bed Alternative Metal Siamese
0%
262,000 France Diazepam Metalcore ten56.
0%
153,000 Australia Witch Hunt Nu Metalcore The Gloom In The Corner
0%
148,000 Sweden 99 Thrash Metal The Haunted
0%
230,000 United States Across the Nation Nu Metal The Union Underground
0%
151,000 United States The Tree of Life Metalcore The Wise Man's Fear
0%
108,000 United States Short Fused Deathcore Traitors
0%
244,000 Germany Deadrose Djent Unprocessed
0%
603,000 United States Self Medicated Alternative Metal Until I Wake
0%
114,000 Germany Fear of the Dark Power Metal Van Canto
0%
312,000 United States Romance Metalcore Varials
0%
121,000 United States Rebirth Protocol Metalcore Vein.fm
0%
131,000 Denmark Straight Lines Progressive Metal VOLA
0%
149,000 Australia Promise Progressive Metal Voyager
0%
319,000 United Kingdom Spit. Nu Metal WARGASM (UK)
0%
563,000 United States Without Me Alternative Metal Wind Walkers
0%
121,000 Canada Lightning & Snow Melodic Black Metal Woods of Ypres
0%
113,000 United States Straight from Da Tribe of Tha Moon Metalcore Zulu
0%
No matching quizzes found
Score Distribution
Percent of People with Each Score
Percentile by Number Answered
Your Score History
You have not taken this quiz since the last reset